| 000 | 01291nam a2200373 i 4500 | ||
|---|---|---|---|
| 001 | 13943 | ||
| 003 | KOSZ 005 | ||
| 005 | 20190807094901.0 | ||
| 008 | 071108s1971 pl f 001 0 pol | ||
| 015 | _aPB 1971/8417 | ||
| 040 |
_aWA N _cWA N _dKOSZ 005/RW |
||
| 080 | _a69(438) | ||
| 080 | _a351.82(438) | ||
| 100 | 1 |
_aSzymkiewicz, Gustaw. _eAutor |
|
| 245 | 1 | 0 |
_aInformator budowlany techniczno-prawny / _cGustaw Szymkiewicz ; współudział Zofia Duszyńska [et al.]. |
| 250 | _aWydanie 5 uzupełnione i zaktualizowane, na dzień 31 III 1971 r. | ||
| 260 |
_aWarszawa : _b"Arkady", _c1971. |
||
| 300 |
_a607, [1] stron ; _c23 cm. |
||
| 336 |
_aTekst _btxt _2rdacontent |
||
| 337 |
_aBez urządzenia pośredniczącego _bn _2rdamedia |
||
| 338 |
_aWolumin _bnc _2rdacarrier |
||
| 380 | _aKsiążki. | ||
| 504 | _aIndeks. | ||
| 658 | _aArchitektura i budownictwo | ||
| 658 | _aPrawo i wymiar sprawiedliwości | ||
| 655 | 4 | _aInformator | |
| 650 | 4 | _aBudownictwo | |
| 651 | 4 | _aPolska | |
| 650 | 4 | _aPrawo | |
| 700 | 1 |
_aDuszyńska, Zofia. _eOpracowanie |
|
| 710 | 2 |
_aWydawnictwo Arkady _4pbl. |
|
| 856 |
_uhttp://koha.tu.koszalin.pl/cgi-bin/koha/opac-detail.pl?biblionumber=13943 _yKatalog online BPK |
||
| 942 |
_2UKD _cKS |
||
| 999 |
_c13943 _d13943 |
||